Statistiche per Pluricapocannonieri della Serie A

Clicka qui per fare il quiz!

Statistiche generali

  • Questo quiz è stato fatto 9 volte
  • Il punteggio medio è 9 su 20

Statistiche sulle risposte

Numero volte capocannoniereSquadraCalciatore% Corretto
2UdineseAntonio Di Natale
89%
4Torino; LazioCiro Immobile
89%
2Fiorentina; Hellas VeronaLuca Toni
89%
3CagliariGigi Riva
78%
2InterMauro Icardi
78%
2Inter; MilanZlatan Ibrahimović
78%
2MilanAndrij Ševčenko
67%
6MilanGunnar Nordah
67%
2MilanMarco van Basten
67%
3Ambrosiana-InterGiuseppe Meazza
56%
3TorinoPaolo Pulici
44%
3LazioGiuseppe Signori
33%
3RomaRoberto Pruzzo
33%
2LazioSilvio Piola
33%
3JuventusMichel Platini
22%
2InterRoberto Boninsegna
11%
3MilanAldo Boffi
0%
2BolognaEttore Puricelli
0%
2JuventusFelice Borel II
0%
2BolognHarald Nielsen
0%

Distribuzione punteggi

Percentile per numero di risposta

Percentuale di utenti per punteggio

I tuoi punteggi nel tempo

Non hai fatto questo quiz